000 01629nam a2200325Ia 4500
001 ebr10135485
003 CaPaEBR
006 m u
007 cr cn|||||||||
008 050204s2005 nyu sb 001 0 eng d
010 _z 2005043131
020 _z1403979081
020 _z1403969442 (hc : alk. paper)
040 _aCaPaEBR
_cCaPaEBR
035 _a(OCoLC)560463946
050 1 4 _aRA643.86.L29
_bF73 2005eb
082 0 4 _a362.196/9792/0098
_222
100 1 _aFrasca, Tim.
245 1 0 _aAIDS in Latin America
_h[electronic resource] /
_cby Timothy Frasca.
260 _aNew York :
_bPalgrave Macmillan,
_c2005.
300 _ax, 261 p.
504 _aIncludes bibliographical references and index.
505 0 _aTwo lives -- Ch. 1. Peru : testing, testing -- Fame -- Ch. 2. Mexico : fatal advances -- Penalolen -- Ch. 3. Costa Rica : the velvet glove -- The Gospel -- Ch. 4. Guatemala : the iron fist -- Rapid intervention -- Ch. 5. Trinidad and Tobago : living with people living with HIV/AIDS -- Air travel -- Ch. 6. Argentina : split perspicacity -- Turnpike -- Ch. 7. Brazil : seductive models -- Mentor -- Ch. 8. Chile : seizing empowerment.
533 _aElectronic reproduction.
_bPalo Alto, Calif. :
_cebrary,
_d2009.
_nAvailable via World Wide Web.
_nAccess may be limited to ebrary affiliated libraries.
650 0 _aAIDS (Disease)
_zLatin America.
650 0 _aHIV infections
_zLatin America.
655 7 _aElectronic books.
_2local
710 2 _aebrary, Inc.
856 4 0 _uhttp://site.ebrary.com/lib/rucke/Doc?id=10135485
_zAn electronic book accessible through the World Wide Web; click to view
999 _c85100
_d85100